00318cam a22001217a 4500008004000000082001600040245006200056260002400118300001000142650001700152700001300169700001400182180718b1989 xxu||||| |||| 00| 0 eng d aZ2 Sh13 CRS aFood systems of the worldcedited by M. Shafi and A. Aziz aJaipurbRawatc1989 a526p. aFarm produce aAziz, A. aShafi, M.